[Event "OP-2017-0-04297"]
[Site "LSS email"]
[Date "2017.03.11"]
[Round "?"]
[White "Vontina, Maria"]
[Black "Wicker, Luc"]
[Result "1-0"]
[WhiteElo "756"]
[BlackElo "800"]
[PlyCount "33"]
[EventDate "2017.03.04"]
[EventType "tourn (corr)"]
[EventRounds "4"]
[EventCountry "GER"]
[SourceTitle "Corr 2022"]
[Source "ChessBase"]
[SourceDate "2021.10.24"]
[SourceVersion "1"]
[SourceVersionDate "2021.10.24"]
[SourceQuality "1"]

1. e4 e6 2. d4 d5 3. Nc3 Bb4 4. e5 Bxc3+ 5. bxc3 c5 6. Qg4 g6 7. Nf3 f5 8. Qg3 Ne7 9. Be2 Qc7 10. 0-0 cxd4 11. cxd4 Qxc2 12. Bb5+ Bd7 13. Bxd7+ Nxd7 14. Ba3 Qc3 15. Bd6 Nc8 16. Ng5 Nxd6 17. Qxc3 1-0